000 00694nam a22002297a 4500
005 20250519131902.0
008 250519b |||||||| |||| 00| 0 eng d
040 _cDO
245 _aIn search of vikings
250 _aMay 2000 Vol. 197 No. 5
490 _aNational Geographic
520 _aIn Search of Vikings, Mystery ships From a Danish Bog, Queen of the African Sky, New Caledonia, Dawn of Humans, Ants and Plants, Cape Hatteras Lighthouse Mount St. Helens
650 _xVIKINGS
650 _xSHIPS
650 _xQUEEN
650 _xCALEDONIA
650 _xSOUTH AFRICA
650 _xANTS AND PLANTS
650 _xLIGHTHOUSE
650 _xMOUNT ST. HELENS
942 _2ddc
_cCR
999 _c5532
_d5532